Memoirs of Maximilian de Bethune : Duke of Sully, Prime Minister to Henry the Great, containing the history of the life and reign of that monarch, and his own administration under him. To which is added, the Trial of Ravaillac for the murder of Henry the Great /

Bibliographic Details
Main Author: Sully, Maximilien de Béthune, duc de, 1559-1641
Format: Book
Language:English
Edition:5th ed.
Subjects:

MARC

Tag First Indicator Second Indicator Subfields
LEADER 00000cam a2200000 a 4500
001 in00000017600
005 20151007053444.0
008 880615s1781 ie bc 00110 eng d
035 |a (OCoLC)18095409 
035 |9 AAB1712AM 
040 |a TXA  |c TXA  |d UtOrBLW 
049 |a TXAS  |v 1 [A09876497]  |v 2 [A09876489]  |v 3 [A9876455]  |v 4 [A09876463]  |v 5 [A09876471]  |v 6 [A09876502] 
050 4 |a DC122.9.S9  |b A3 1781 
100 1 |a Sully, Maximilien de Béthune,  |c duc de,  |d 1559-1641. 
245 1 0 |a Memoirs of Maximilian de Bethune :  |b Duke of Sully, Prime Minister to Henry the Great, containing the history of the life and reign of that monarch, and his own administration under him. To which is added, the Trial of Ravaillac for the murder of Henry the Great /  |c Translated from the French. 
250 |a 5th ed. 
264 3 |a Dublin :  |b Printed by R. Marchbank,  |c 1781. 
300 |a 6 volumes :  |b portrait, folded map. ;  |c 18 cm. 
336 |a text  |b txt  |2 rdacontent 
337 |a unmediated  |b n  |2 rdamedia 
338 |a volume  |b nc  |2 rdacarrier 
500 |a Includes index. 
600 0 0 |a Henry  |b IV,  |c King of France,  |d 1553-1610. 
651 0 |a France  |x History  |y Henry IV, 1589-1610. 
999 |a MARS 
999 f f |s 59dfc543-1a41-3d6e-8879-3b80d78f601c  |i ca0009e0-dd1e-3d08-baea-8c44488e9053  |t 0 
952 f f |p noncirc  |a Texas A&M University  |b College Station  |c Cushing Memorial Library & Archives  |d Cushing: Rare Books (Does not check out)  |t 0  |e DC122.9.S9 A3 1781  |h Library of Congress classification  |i unmediated -- volume  |k v.3  |m A14809876455 
952 f f |p noncirc  |a Texas A&M University  |b College Station  |c Cushing Memorial Library & Archives  |d Cushing: Rare Books (Does not check out)  |t 0  |e DC122.9.S9 A3 1781  |h Library of Congress classification  |i unmediated -- volume  |k v.2  |m A14809876489 
952 f f |p noncirc  |a Texas A&M University  |b College Station  |c Cushing Memorial Library & Archives  |d Cushing: Rare Books (Does not check out)  |t 0  |e DC122.9.S9 A3 1781  |h Library of Congress classification  |i unmediated -- volume  |k v.5  |m A14809876471 
952 f f |p noncirc  |a Texas A&M University  |b College Station  |c Cushing Memorial Library & Archives  |d Cushing: Rare Books (Does not check out)  |t 0  |e DC122.9.S9 A3 1781  |h Library of Congress classification  |i unmediated -- volume  |k v.4  |m A14809876463 
952 f f |p noncirc  |a Texas A&M University  |b College Station  |c Cushing Memorial Library & Archives  |d Cushing: Rare Books (Does not check out)  |t 0  |e DC122.9.S9 A3 1781  |h Library of Congress classification  |i unmediated -- volume  |k v.1  |m A14809876497 
998 f f |a DC122.9.S9 A3 1781  |s v.6  |t 0  |l Cushing: Rare Books (Does not check out)